000 00414nam a22001457a 4500
082 _a620.136
_bKUR
_cL-19, P-114
100 _aKurian, Nainan P
_940985
245 _aMicroconcrete
_cKurian, Nainan P
260 _aIndia
_bOxford & IBH Publishing Co
_c1992
300 _avi, 82 p,:
_bill,
526 _a0
_b0
_c0
_d620_136000000000000_KUR
650 _aMCE
_9379
700 _aKurian, Nainan P
_940985
942 _2ddc
_cBK
999 _c545197
_d545197